01150nam a2200217Ia 4500008004100000020001500041041001200056082001600068100001700084245007400101250000800175260002500183300000800208650000800216942000700224999001500231952017100246952017200417952017100589952017200760221030s9999 xx 000 0 und d a8120308824 aEnglish a105.23bSen aJ. M. Senior 0aOptical Fiber Communications - Principles & Practicecby J. M. Senior a2nd bPHIaNew Delhic2001 a921 aECE cBK c7729d7729 pBE 4588g275.00l0o105.23 Senr2024-06-13 00:00:00w2022-10-30yBK003Print4070aMIETLIBbMIETLIBcBL-Academic Block-a, FL-1, CUP-15, SH-1, R-1d2001-12-2910HBE pBE 4590g275.00l0o105.23 Senr2024-06-13 00:00:00w2022-10-30yBK003Print4070aMIETLIBbMIETLIBcBL-Academic Block- A, FL-1, CUP-15, SH-1, R-1d2001-12-2910HBE pBE 4591g275.00l0o105.23 Senr2024-06-13 00:00:00w2022-10-30yBK003Print4070aMIETLIBbMIETLIBcBL-Academic Block-a, FL-1, CUP-15, SH-1, R-1d2001-12-2910HBE pBE 4592g275.00l0o105.23 Senr2024-06-13 00:00:00w2022-10-30yBK003Print4070aMIETLIBbMIETLIBcBL-Academic Block -a, FL-1, CUP-15, SH-1, R-1d2001-12-2910HBE